000 00648cam a22002174a 4500
001 13901045
005 20250225165006.0
008 050316s2005 enka b 001 0 eng
020 _a0273694383 (pbk.)
050 0 0 _aHF5437
_b.L97 2005
082 0 0 _a658.7/2
_222
100 1 _aLysons, Kenneth.
245 1 0 _aPurchasing and supply chain management /
_cKenneth Lysons, Brian Farrington.
250 _a7th ed.
260 _aLondon ;
_aNew York :
_bFinancial Times/Prentice Hall
_c2005.
300 _axix, 709 p. :
_bill. ;
_c24 cm.
650 0 _aPurchasing.
650 0 _aBusiness logistics.
700 1 _aFarrington, Brian.
942 _2lcc
_cBK
_n0
999 _c4351
_d4351